000 00883nam0a22002651 4500
001 rc\433866
005 20250621083520.0
010 _a5-295-00139-3
_98000
035 _a(NLR Aleph) 005680430
090 _a7069004
_c7069004
100 _a20030616d1988 |||y0rusy50 ca
101 0 _arus
102 _aRU
105 _ay |||||||||
200 1 _aНе лишайте детей радости жизни
_e(Об антиалкогол. воспитании детей в семье)
210 _aУфа
_cБашк. кн. изд-во
_d1988
215 _a132, [2] с.
_d17
225 1 _aБиблиотечка для родителей
700 1 _aКунц
_bО.Р.
_gОтто Робертович
701 1 _aНиков
_bГ.П.
_gГригорий Петрович
801 0 _aRU
_bNLR
_gpsbo
801 1 _aRU
_bELAR
_2rusmarc
852 _aNLR
_j89-2/60
942 _cBOOK
980 _aNB